Socialist parties in postwar Japan
Αποθηκεύτηκε σε:
| Κύριος συγγραφέας: | |
|---|---|
| Μορφή: | Βιβλίο |
| Γλώσσα: | Undetermined |
| Έκδοση: |
New Haven
Yale University Press
1966
|
| Θέματα: | |
| Ετικέτες: |
Προσθήκη ετικέτας
Δεν υπάρχουν, Καταχωρήστε ετικέτα πρώτοι!
|
| Thư viện lưu trữ: | Trung tâm Học liệu Trường Đại học Cần Thơ |
|---|
| LEADER | 00616nam a2200217Ia 4500 | ||
|---|---|---|---|
| 001 | CTU_114920 | ||
| 008 | 210402s9999 xx 000 0 und d | ||
| 082 | |a 324.252 | ||
| 082 | |b C689 | ||
| 100 | |a Cole, Allan B. | ||
| 245 | 0 | |a Socialist parties in postwar Japan | |
| 245 | 0 | |c Allan B. Cole, George O. TYotten, Cecil H. Uyehara | |
| 260 | |a New Haven | ||
| 260 | |b Yale University Press | ||
| 260 | |c 1966 | ||
| 650 | |a World war, 1939-1945influence.,Socialism | ||
| 650 | |x Influence. | ||
| 650 | |y History. | ||
| 650 | |z Japan | ||
| 904 | |i Minh | ||
| 980 | |a Trung tâm Học liệu Trường Đại học Cần Thơ | ||